[Event "3. Memorial Oliver Gonzalez 2012 - B"]
[Site "Madrid ESP"]
[Date "2012.09.03"]
[Round "3.29"]
[White "Yeves Miquel, Enrique"]
[Black "Santamaria Baeza, Adolfo"]
[Result "1/2-1/2"]
[WhiteElo "1754"]
[BlackElo "1897"]
[PlyCount "124"]
[EventDate "2012.09.01"]
[EventType "swiss"]
[EventRounds "9"]
[EventCountry "ESP"]
[Source "lmi"]
[SourceDate "2012.09.01"]

1. d4 Nf6 2. c4 e6 3. Nc3 Bb4 4. Qc2 b5 5. cxb5 Bb7 6. a3 Ba5 7. Bg5 h6 8. Bh4
g5 9. Bg3 Ne4 10. b4 Nxg3 11. hxg3 Bb6 12. e3 d6 13. a4 a5 14. bxa6 Nxa6 15.
Qb1 Rb8 16. a5 Ba7 17. Nb5 Ra8 18. Nxa7 Rxa7 19. b5 Nb8 20. a6 Ba8 21. g4 Nd7
22. f3 c5 23. dxc5 dxc5 24. Ne2 Qb6 25. Nc3 Ke7 26. Kf2 f6 27. Qg6 Ne5 28. Qg7+
Nf7 29. Bd3 Qd8 30. Rad1 Rg8 31. Qh7 Rh8 32. Qg6 Qa5 33. Ne4 Bxe4 34. Bxe4 Qxb5
35. Bb7 Qb2+ 36. Kg3 Qe5+ 37. Kh3 Rf8 38. Qd3 Nd6 39. Rhe1 f5 40. gxf5 Qxf5+
41. Qxf5 exf5 42. Rd5 c4 43. Rc5 h5 44. e4 fxe4 45. Rxg5 Nxb7 46. axb7 Rxb7 47.
Rxe4+ Kf6 48. Rc5 Rb1 49. Rf4+ Ke7 50. Rxf8 Kxf8 51. Rxc4 Kf7 52. Rc6 Kg7 53.
Kh4 Rg1 54. g3 Kf7 55. f4 Kg7 56. f5 Kf7 57. Rg6 Rf1 58. Kg5 Rf3 59. Kxh5 Rxf5+
60. Kh6 Rf1 61. g4 Rg1 62. Kg5 Rxg4+ 1/2-1/2

[Event "3. Memorial Oliver Gonzalez 2012 - B"]
[Site "Madrid ESP"]
[Date "2012.09.03"]
[Round "3.30"]
[White "Anton Prado, Augusto"]
[Black "Garcia Serrano, Jose M. Ii"]
[Result "1-0"]
[WhiteElo "1725"]
[BlackElo "1896"]
[PlyCount "95"]
[EventDate "2012.09.01"]
[EventType "swiss"]
[EventRounds "9"]
[EventCountry "ESP"]
[Source "lmi"]
[SourceDate "2012.09.01"]

1. e4 e5 2. Nf3 Nc6 3. Bb5 a6 4. Ba4 Nf6 5. O-O Be7 6. Re1 b5 7. Bb3 O-O 8. c3
d5 9. d3 h6 10. Nbd2 Be6 11. exd5 Nxd5 12. Nxe5 Nxe5 13. Rxe5 Bd6 14. Bxd5 Bxd5
15. Rxd5 Bxh2+ 16. Kxh2 Qxd5 17. Nf3 Rad8 18. d4 Rfe8 19. Be3 Qe4 20. a4 Rd5
21. Kg1 Re6 22. axb5 Rxb5 23. b3 Rg6 24. Ne1 Rf5 25. Qd3 Qg4 26. Rxa6 c6 27.
Ra8+ Kh7 28. Re8 Rh5 29. Re5 Rh3 30. Qf5 Qh4 31. Kf1 Rh1+ 32. Ke2 Qh2 33. Qe4
Qg1 34. Bd2 Qf1+ 35. Ke3 Qa6 36. b4 Qa1 37. Kf3 Qd1+ 38. Qe2 Rf6+ 39. Ke3 Qb3
40. Qd3+ g6 41. Nf3 Rd1 42. d5 cxd5 43. Qxd5 Qa3 44. Re7 Kg7 45. Ne5 Kg8 46.
Rxf7 Qxc3+ 47. Bxc3 Rxd5 48. Rxf6 1-0

[Event "3. Memorial Oliver Gonzalez 2012 - B"]
[Site "Madrid ESP"]
[Date "2012.09.03"]
[Round "3.31"]
[White "Martinez Hernandez, Noemi"]
[Black "Hernanz Villaoslada, Javier"]
[Result "1/2-1/2"]
[WhiteElo "1893"]
[BlackElo "1658"]
[PlyCount "68"]
[EventDate "2012.09.01"]
[EventType "swiss"]
[EventRounds "9"]
[EventCountry "ESP"]
[Source "lmi"]
[SourceDate "2012.09.01"]

1. d4 Nf6 2. c3 g6 3. g3 Bg7 4. Bg2 d6 5. e4 O-O 6. Ne2 Nbd7 7. O-O e5 8. f4 b6
9. f5 Bb7 10. d5 Nc5 11. Qc2 c6 12. c4 cxd5 13. cxd5 Rc8 14. Nbc3 Ba6 15. Qd1
Bd3 16. b4 Bxe2 17. Qxe2 Ncd7 18. Nb5 Nb8 19. Nxa7 Rc7 20. Nb5 Rc8 21. fxg6 Na6
22. gxf7+ Kh8 23. a3 Nc7 24. Be3 Nxb5 25. Qxb5 Rb8 26. Rac1 Ng4 27. Qe2 Nxe3
28. Qxe3 Rb7 29. Bh3 Qe7 30. Be6 Rbb8 31. Qf3 Qa7 32. Qh5 Qxa3 33. Bf5 Qe3+ 34.
Kh1 Qh6 1/2-1/2

[Event "3. Memorial Oliver Gonzalez 2012 - B"]
[Site "Madrid ESP"]
[Date "2012.09.03"]
[Round "3.32"]
[White "Garcia Salamero, Hector"]
[Black "Duque Suarez, Leonardo"]
[Result "1-0"]
[WhiteElo "1868"]
[BlackElo "1640"]
[PlyCount "51"]
[EventDate "2012.09.01"]
[EventType "swiss"]
[EventRounds "9"]
[EventCountry "ESP"]
[Source "lmi"]
[SourceDate "2012.09.01"]

1. e4 e6 2. d4 d5 3. e5 c5 4. c3 Nc6 5. Nf3 Qb6 6. a3 c4 7. Nbd2 Na5 8. g3 Be7
9. Bh3 Bd7 10. O-O O-O-O 11. Ne1 h5 12. f4 h4 13. g4 f6 14. Nef3 Be8 15. Qe1
fxe5 16. Nxe5 g5 17. fxg5 Bxg5 18. Ndf3 Bxc1 19. Rxc1 Nh6 20. Rc2 Ba4 21. Rg2
Nc6 22. g5 Nf5 23. Nf7 Ncxd4 24. cxd4 Nxd4 25. Nxd4 Qxd4+ 26. Kh1 1-0

[Event "3. Memorial Oliver Gonzalez 2012 - B"]
[Site "Madrid ESP"]
[Date "2012.09.03"]
[Round "3.33"]
[White "Lacaci Otero, Ivan"]
[Black "Martinez Rubio, Felipe"]
[Result "0-1"]
[WhiteElo "1686"]
[BlackElo "1835"]
[PlyCount "60"]
[EventDate "2012.09.01"]
[EventType "swiss"]
[EventRounds "9"]
[EventCountry "ESP"]
[Source "lmi"]
[SourceDate "2012.09.01"]

1. e4 c5 2. Nf3 e6 3. d4 cxd4 4. Nxd4 Nf6 5. Nc3 Nc6 6. Ndb5 d6 7. Bf4 e5 8.
Bg5 a6 9. Na3 b5 10. Bxf6 gxf6 11. Nd5 f5 12. c3 Bg7 13. exf5 Bxf5 14. Nc2 O-O
15. Nce3 Be6 16. Bd3 f5 17. Bc2 Ne7 18. Nxe7+ Qxe7 19. Bxf5 Bxf5 20. Nxf5 Qf7
21. g4 d5 22. O-O Rad8 23. Qd2 Kh8 24. h4 Qg6 25. f3 Rxf5 26. Kh2 Rff8 27. h5
Qh6 28. g5 Qxh5+ 29. Kg3 Rf4 30. Qh2 Qxg5+ 0-1

[Event "3. Memorial Oliver Gonzalez 2012 - B"]
[Site "Madrid ESP"]
[Date "2012.09.03"]
[Round "3.34"]
[White "Perez Alvarez, Javier"]
[Black "Morona Minguez, Miguel"]
[Result "1-0"]
[WhiteElo "1834"]
[BlackElo "1631"]
[PlyCount "77"]
[EventDate "2012.09.01"]
[EventType "swiss"]
[EventRounds "9"]
[EventCountry "ESP"]
[Source "lmi"]
[SourceDate "2012.09.01"]

1. e4 e5 2. Nf3 Nc6 3. d4 exd4 4. Nxd4 Bc5 5. Be3 Nge7 6. Nxc6 Nxc6 7. Bxc5 d6
8. Be3 O-O 9. Be2 Be6 10. Nc3 Ne5 11. b3 Qf6 12. Nd5 Bxd5 13. exd5 Nd7 14. O-O
Qe5 15. Qd4 Rfe8 16. Qxe5 Rxe5 17. Rad1 Nb6 18. c4 Rae8 19. Rfe1 f5 20. Bd3 f4
21. Bd2 g5 22. Rxe5 Rxe5 23. Re1 Nd7 24. Rxe5 Nxe5 25. Bf5 h6 26. Bc3 Kf7 27.
Bxe5 dxe5 28. f3 Ke7 29. Kf2 Kd6 30. Ke2 Kc5 31. Kd3 Kb4 32. Kc2 a5 33. Kb2 b6
34. a3+ Kc5 35. Kc3 b5 36. b4+ axb4+ 37. axb4+ Kb6 38. c5+ Kb7 39. Kd3 1-0

[Event "3. Memorial Oliver Gonzalez 2012 - B"]
[Site "Madrid ESP"]
[Date "2012.09.03"]
[Round "3.35"]
[White "Fernandez Garcia, Ignacio"]
[Black "Jarne Anguita, Miguel"]
[Result "1-0"]
[WhiteElo "1832"]
[BlackElo "1367"]
[PlyCount "57"]
[EventDate "2012.09.01"]
[EventType "swiss"]
[EventRounds "9"]
[EventCountry "ESP"]
[Source "lmi"]
[SourceDate "2012.09.01"]

1. e4 c5 2. Nf3 d6 3. Bc4 Nf6 4. Nc3 g6 5. e5 dxe5 6. Nxe5 e6 7. Qf3 Bg7 8. d3
O-O 9. Bg5 Nbd7 10. Nxd7 Bxd7 11. O-O Bc6 12. Ne4 Bxe4 13. dxe4 Qd4 14. Bd3 Nd7
15. c3 Qd6 16. Bb5 a6 17. Ba4 Ne5 18. Qf4 Nc4 19. Qxd6 Nxd6 20. Be7 Nxe4 21.
Bxf8 Kxf8 22. Rfd1 Ke7 23. Rd7+ Ke8 24. Rxb7+ Kd8 25. Rd1+ Kc8 26. Rxf7 Bxc3
27. bxc3 Nxc3 28. Rf8+ Kb7 29. Rd7+ 1-0

[Event "3. Memorial Oliver Gonzalez 2012 - B"]
[Site "Madrid ESP"]
[Date "2012.09.03"]
[Round "3.36"]
[White "Sierra Bermejo, Gregorio"]
[Black "Galan Aguado, Fernando"]
[Result "0-1"]
[WhiteElo "1664"]
[BlackElo "1820"]
[PlyCount "96"]
[EventDate "2012.09.01"]
[EventType "swiss"]
[EventRounds "9"]
[EventCountry "ESP"]
[Source "lmi"]
[SourceDate "2012.09.01"]

1. e4 e6 2. d3 d5 3. Nd2 c5 4. Ngf3 Nf6 5. g3 Nc6 6. Bg2 Be7 7. O-O Qc7 8. c3
b6 9. Re1 Ba6 10. e5 Nd7 11. d4 h6 12. a3 O-O-O 13. Qa4 Bd3 14. b4 c4 15. Qd1
g5 16. Nf1 Rdg8 17. Ne3 g4 18. Nd2 h5 19. a4 Qd8 20. Nb1 Qf8 21. Na3 Kb7 22.
Nb5 Qg7 23. a5 a6 24. Na3 b5 25. Nf1 h4 26. Bf4 hxg3 27. Bxg3 Bh4 28. Re3 Qh6
29. Rxd3 cxd3 30. Qxd3 Na7 31. c4 Bxg3 32. fxg3 bxc4 33. Nxc4 Nb5 34. Nd6+ Nxd6
35. exd6 Rc8 36. b5 Rc1 37. bxa6+ Ka7 38. Rxc1 Qxc1 39. Qb5 Qc8 40. Qe2 Rg8 41.
Qb5 Rg7 42. h3 f5 43. h4 Qxa6 44. Qb4 Rg8 45. Qc3 Qxd6 46. Nd2 Rb8 47. Bf1 Qb4
48. Qc7+ Rb7 0-1

[Event "3. Memorial Oliver Gonzalez 2012 - B"]
[Site "Madrid ESP"]
[Date "2012.09.03"]
[Round "3.38"]
[White "Cepas Castillo, Juan Carlos"]
[Black "Rodriguez Bachiller, Luis"]
[Result "0-1"]
[WhiteElo "1610"]
[BlackElo "1813"]
[PlyCount "118"]
[EventDate "2012.09.01"]
[EventType "swiss"]
[EventRounds "9"]
[EventCountry "ESP"]
[Source "lmi"]
[SourceDate "2012.09.01"]

1. Nf3 Nf6 2. g3 g6 3. Bg2 Bg7 4. d4 O-O 5. c4 d6 6. O-O c6 7. Nc3 Qc7 8. b3 a6
9. Bb2 Nbd7 10. Rc1 Rb8 11. Re1 Re8 12. e4 e5 13. d5 c5 14. Qd2 b5 15. a4 bxa4
16. bxa4 Qa5 17. Qc2 Nb6 18. Nd2 Bd7 19. Ra1 Na8 20. Reb1 Rb7 21. Nb3 Qc7 22.
Bc1 Reb8 23. Nd2 Ne8 24. Rxb7 Rxb7 25. Rb1 f5 26. Rxb7 Qxb7 27. Qb2 Qb4 28. Qb3
Qxb3 29. Nxb3 Nb6 30. Bf1 Nxa4 31. Nxa4 Bxa4 32. Nd2 Kf7 33. exf5 gxf5 34. Nf3
h6 35. Nh4 Bc2 36. Bd2 Kf6 37. Be2 Bf8 38. Ba5 Ng7 39. Kg2 Be4+ 40. f3 Bc2 41.
Kf2 Ne8 42. Bd8+ Be7 43. Bxe7+ Kxe7 44. Ke3 Kf6 45. Kd2 Ba4 46. Bd3 Ng7 47. Kc3
Kg5 48. Ng2 Bd1 49. h4+ Kf6 50. Ne1 Nh5 51. Kd2 Ba4 52. g4 fxg4 53. fxg4 Nf4
54. Bf1 Bd7 55. Nc2 Bxg4 56. Ne3 Bh3 57. Bxh3 Nxh3 58. Ng4+ Kg6 59. h5+ Kg5 0-1

[Event "3. Memorial Oliver Gonzalez 2012 - B"]
[Site "Madrid ESP"]
[Date "2012.09.03"]
[Round "3.39"]
[White "Martin Garcia, Francisco J"]
[Black "Morera Rodriguez, Ignacio"]
[Result "0-1"]
[WhiteElo "1609"]
[BlackElo "1800"]
[PlyCount "78"]
[EventDate "2012.09.01"]
[EventType "swiss"]
[EventRounds "9"]
[EventCountry "ESP"]
[Source "lmi"]
[SourceDate "2012.09.01"]

1. e4 c5 2. Nf3 d6 3. d4 cxd4 4. Nxd4 Nf6 5. Nc3 a6 6. Bg5 Nbd7 7. f4 h6 8. Bh4
g5 9. fxg5 hxg5 10. Bxg5 Qa5 11. Qd2 Bg7 12. O-O-O Nc5 13. Nb3 Nxb3+ 14. cxb3
Bg4 15. Bxf6 Bxf6 16. Nd5 Qc5+ 17. Kb1 Bxd1 18. Nxf6+ exf6 19. Qxd1 Qe5 20. Ka1
Rc8 21. Bc4 Rxh2 22. Rxh2 Qxh2 23. Qf1 Qh6 24. a4 Qg5 25. Ka2 Ke7 26. Qf3 b5
27. e5 Kd7 28. axb5 Qxe5 29. Qh3+ f5 30. Qh7 axb5 31. Qxf7+ Kc6 32. Kb1 bxc4
33. Qxc4+ Qc5 34. Qa4+ Kd5 35. b4 Qc1+ 36. Ka2 Qc4+ 37. Kb1 Rc6 38. Qd1+ Ke5
39. Qe1+ Qe4+ 0-1

[Event "3. Memorial Oliver Gonzalez 2012 - B"]
[Site "Madrid ESP"]
[Date "2012.09.03"]
[Round "3.40"]
[White "Serrano Leiva, Ana"]
[Black "Rodriguez Bernal, Herman"]
[Result "0-1"]
[WhiteElo "1539"]
[BlackElo "1780"]
[PlyCount "82"]
[EventDate "2012.09.01"]
[EventType "swiss"]
[EventRounds "9"]
[EventCountry "ESP"]
[Source "lmi"]
[SourceDate "2012.09.01"]

1. e4 e5 2. Nf3 Nf6 3. Nc3 Bb4 4. Nxe5 Bxc3 5. dxc3 d6 6. Nf3 Nxe4 7. Bd3 Nf6
8. O-O O-O 9. Bg5 Bg4 10. Be4 Nc6 11. Qd3 h6 12. Bh4 Bxf3 13. Bxf6 Bxe4 14.
Qxe4 Qxf6 15. Rfe1 Rfe8 16. Qg4 Re5 17. f4 Re6 18. Rad1 Rae8 19. Qg3 Rxe1+ 20.
Rxe1 Rxe1+ 21. Qxe1 Qe6 22. Qd2 Qe4 23. Kf2 f5 24. g3 Kf7 25. b3 a5 26. c4 Nd4
27. Qd3 Nxc2 28. Qc3 Nb4 29. Qd2 Nd3+ 30. Kg1 Qe1+ 31. Qxe1 Nxe1 32. Kf1 Nd3
33. a3 c5 34. Ke2 Nc1+ 35. Kd2 Nxb3+ 36. Kc2 a4 37. Kd3 g5 38. Ke3 Kf6 39. h3
Nd4 40. Kd3 g4 41. h4 Ke6 0-1

[Event "3. Memorial Oliver Gonzalez 2012 - B"]
[Site "Madrid ESP"]
[Date "2012.09.03"]
[Round "3.44"]
[White "Barria Arbunic, Manuel"]
[Black "Cabedo Marquez, Ramon"]
[Result "0-1"]
[WhiteElo "1470"]
[BlackElo "1751"]
[PlyCount "52"]
[EventDate "2012.09.01"]
[EventType "swiss"]
[EventRounds "9"]
[EventCountry "ESP"]
[Source "lmi"]
[SourceDate "2012.09.01"]

1. d4 d5 2. c4 e6 3. Nf3 Nf6 4. Nc3 c6 5. Bg5 Be7 6. e3 h6 7. Bh4 Nbd7 8. Qc2
c5 9. cxd5 exd5 10. dxc5 Nxc5 11. Bb5+ Bd7 12. Bxd7+ Ncxd7 13. Rd1 O-O 14. O-O
Rc8 15. Qb3 Nc5 16. Qc2 Re8 17. Bxf6 Bxf6 18. Rxd5 Qb6 19. Rfd1 Ne4 20. Qa4
Bxc3 21. bxc3 Nxc3 22. Qf4 Nxd5 23. Qf5 Nf6 24. Rb1 Qe6 25. Qxe6 Rxe6 26. Nd4
Ra6 0-1

[Event "3. Memorial Oliver Gonzalez 2012 - B"]
[Site "Madrid ESP"]
[Date "2012.09.03"]
[Round "3.45"]
[White "Anton Quevedo, Andrea"]
[Black "Martinez Miura, Enrique"]
[Result "0-1"]
[WhiteElo "1416"]
[BlackElo "1707"]
[PlyCount "72"]
[EventDate "2012.09.01"]
[EventType "swiss"]
[EventRounds "9"]
[EventCountry "ESP"]
[Source "lmi"]
[SourceDate "2012.09.01"]

1. e4 e6 2. d4 d5 3. e5 c5 4. c3 cxd4 5. cxd4 Nc6 6. Nf3 Bb4+ 7. Nc3 Nge7 8.
Bd3 h6 9. O-O O-O 10. Bd2 Nf5 11. a3 Ba5 12. b4 Bb6 13. Bxf5 exf5 14. Bf4 Be6
15. Rc1 g5 16. Be3 f4 17. Bd2 Nxd4 18. Nxd4 Bxd4 19. Be1 Bxe5 20. Qh5 Bg7 21.
Qf3 Rc8 22. Rd1 d4 23. Ne2 Bc4 24. Bc3 Qe7 25. Rfe1 dxc3 26. Nxc3 Qf6 27. Ne4
Qc6 28. Rd6 Qc7 29. Red1 Rfd8 30. Rxd8+ Rxd8 31. Re1 Qe5 32. h3 f5 33. a4 fxe4
34. Rxe4 Qd5 35. Re1 Qxf3 36. gxf3 Bb3 0-1

[Event "3. Memorial Oliver Gonzalez 2012 - B"]
[Site "Madrid ESP"]
[Date "2012.09.03"]
[Round "3.46"]
[White "Siu Burillo, Joaquin"]
[Black "Zhynguel Ramirez De Verger, Al"]
[Result "0-1"]
[WhiteElo "1368"]
[BlackElo "1704"]
[PlyCount "100"]
[EventDate "2012.09.01"]
[EventType "swiss"]
[EventRounds "9"]
[EventCountry "ESP"]
[Source "lmi"]
[SourceDate "2012.09.01"]

1. d4 f5 2. Bf4 Nf6 3. e3 g6 4. h3 Bg7 5. Nf3 d6 6. Bc4 e6 7. O-O O-O 8. Nbd2
h6 9. c3 g5 10. Bg3 Qe8 11. Qc2 d5 12. Bd3 Qe7 13. Ne5 Kh7 14. Bh2 Ne4 15. f3
Nxd2 16. Qxd2 Nd7 17. Rae1 Nxe5 18. Bxe5 Bxe5 19. dxe5 Kg7 20. e4 dxe4 21. fxe4
f4 22. Qf2 b6 23. Rd1 Bb7 24. Bb5 Rad8 25. Bd3 c5 26. Bc2 Qc7 27. Rd6 Rxd6 28.
exd6 Qxd6 29. Rd1 Qc7 30. Qd2 Bc6 31. Qd6 Qxd6 32. Rxd6 Bb5 33. Rxe6 Rf6 34.
Re7+ Rf7 35. Rxf7+ Kxf7 36. Kf2 Ke6 37. Kf3 Ke5 38. Bb1 Bd7 39. Bd3 h5 40. g3
Bxh3 41. gxf4+ gxf4 42. Bb5 Bg4+ 43. Kf2 Kxe4 44. Bc4 h4 45. Bb5 Be6 46. b3 Bg4
47. Bc4 Bd7 48. a4 Bc6 49. Ke2 h3 50. Bd3+ Ke5 0-1

[Event "3. Memorial Oliver Gonzalez 2012 - B"]
[Site "Madrid ESP"]
[Date "2012.09.03"]
[Round "3.47"]
[White "Benitez Cadenas, Luis Miguel"]
[Black "Melcon Mediavilla, Rodrigo"]
[Result "0-1"]
[WhiteElo "1700"]
[BlackElo "1453"]
[PlyCount "30"]
[EventDate "2012.09.01"]
[EventType "swiss"]
[EventRounds "9"]
[EventCountry "ESP"]
[Source "lmi"]
[SourceDate "2012.09.01"]

1. d4 Nf6 2. Nf3 d6 3. Bf4 g6 4. Nc3 Bg4 5. e4 Bg7 6. Be2 Nbd7 7. Qd2 h6 8.
O-O-O c5 9. e5 cxd4 10. Qxd4 Nh5 11. Qe4 Nxf4 12. Qxf4 Bxf3 13. Bc4 Nxe5 14.
Bb5+ Bc6 15. Bxc6+ Nxc6 0-1

[Event "3. Memorial Oliver Gonzalez 2012 - B"]
[Site "Madrid ESP"]
[Date "2012.09.03"]
[Round "3.49"]
[White "Martinez Martinez, Antonio"]
[Black "Vazquez Cabeza, Isaac"]
[Result "1-0"]
[WhiteElo "1667"]
[BlackElo "1462"]
[PlyCount "103"]
[EventDate "2012.09.01"]
[EventType "swiss"]
[EventRounds "9"]
[EventCountry "ESP"]
[Source "lmi"]
[SourceDate "2012.09.01"]

1. e4 e5 2. Nf3 Nc6 3. Bc4 Be7 4. a3 Nf6 5. Nc3 O-O 6. O-O d6 7. h3 Bd7 8. d3
Qc8 9. Kh2 Be6 10. b3 Bxc4 11. bxc4 Nd7 12. Ne2 Nc5 13. c3 Bf6 14. Ng3 Ne6 15.
Nf5 Qd8 16. d4 exd4 17. cxd4 g6 18. Nh6+ Kg7 19. Ng4 Ncxd4 20. Bh6+ Kg8 21.
Nxf6+ Qxf6 22. Bxf8 Nxf3+ 23. Qxf3 Qxf3 24. gxf3 Kxf8 25. Rab1 b6 26. Kg3 Ke7
27. Kg4 Kf6 28. f4 h5+ 29. Kg3 Nd4 30. Rb2 Re8 31. f3 a5 32. h4 Re7 33. Rd1 Nc6
34. Rd5 Re8 35. Re2 Re7 36. Kf2 Re8 37. Ke1 Re7 38. Kd2 Re8 39. Kc3 Re7 40. Kb3
Re8 41. Ka4 Re6 42. Kb5 Ne7 43. Rg5 a4 44. Kxa4 Nc6 45. Rd2 Kg7 46. Kb5 Na7+
47. Ka6 Nc6 48. Kb7 Na5+ 49. Kxc7 Nxc4 50. Rd3 f6 51. Rgd5 Re7+ 52. Kc6 1-0

[Event "3. Memorial Oliver Gonzalez 2012 - B"]
[Site "Madrid ESP"]
[Date "2012.09.03"]
[Round "3.50"]
[White "Hernandez Ramos, David"]
[Black "Hernandez Ramos, Alberto"]
[Result "1-0"]
[WhiteElo "1661"]
[BlackElo "1422"]
[PlyCount "55"]
[EventDate "2012.09.01"]
[EventType "swiss"]
[EventRounds "9"]
[EventCountry "ESP"]
[Source "lmi"]
[SourceDate "2012.09.01"]

1. d4 d5 2. g3 Nf6 3. Bg2 e6 4. Nf3 Nc6 5. Bf4 Bd6 6. Bxd6 Qxd6 7. c3 Bd7 8.
O-O O-O 9. Nbd2 Rfe8 10. Qc2 h6 11. Rfe1 Ne7 12. Ne5 c5 13. Nxd7 Nxd7 14. dxc5
Qxc5 15. Rad1 Nb6 16. e4 Rad8 17. exd5 Nexd5 18. Ne4 Qb5 19. b3 Qa6 20. Qb2 Rd7
21. Nc5 Qa5 22. Nxd7 Nxd7 23. Bxd5 b6 24. Bc6 Rc8 25. Bxd7 Rxc3 26. b4 Qa3 27.
Qxa3 Rxa3 28. Rd2 1-0

[Event "3. Memorial Oliver Gonzalez 2012 - B"]
[Site "Madrid ESP"]
[Date "2012.09.03"]
[Round "3.56"]
[White "Martin Rodriguez, Jose L"]
[Black "Tolosana Esteban, Enrique"]
[Result "0-1"]
[WhiteElo "1431"]
[BlackElo "1799"]
[PlyCount "106"]
[EventDate "2012.09.01"]
[EventType "swiss"]
[EventRounds "9"]
[EventCountry "ESP"]
[Source "lmi"]
[SourceDate "2012.09.01"]

1. e4 Nc6 2. Nf3 d5 3. exd5 Qxd5 4. Nc3 Qa5 5. d3 Bg4 6. Be2 Nf6 7. O-O O-O-O
8. Re1 h6 9. Bd2 Qh5 10. Bf4 e5 11. Nxe5 Nxe5 12. Bxe5 Bc5 13. Bxf6 Bxe2 14.
Qxe2 Qxe2 15. Rxe2 gxf6 16. Kf1 f5 17. f4 Rd4 18. g3 Rb4 19. Re5 Bd4 20. Rxf5
Rxb2 21. Nb5 Rxb5 22. Rxb5 Bxa1 23. Kf2 c6 24. Rf5 Rf8 25. Kf3 Kd7 26. Kg4 Ke6
27. Ra5 a6 28. Ra4 f5+ 29. Kf3 Rd8 30. h3 Rd4 31. Rxd4 Bxd4 32. g4 b5 33. h4 c5
34. g5 h5 35. Ke2 a5 36. Kd2 Bf2 37. a3 Bxh4 38. d4 Bg3 39. d5+ Kxd5 40. Ke3 a4
41. Kf3 h4 42. c3 b4 43. axb4 c4 44. g6 Ke6 45. b5 a3 46. g7 Kf7 47. g8=Q+ Kxg8
48. b6 a2 49. b7 a1=Q 50. b8=Q+ Kg7 51. Qc7+ Kg6 52. Qd6+ Kh5 53. Qe6 Qf1+ 0-1

[Event "3. Memorial Oliver Gonzalez 2012 - B"]
[Site "Madrid ESP"]
[Date "2012.09.04"]
[Round "4.1"]
[White "Lopez De Turiso, Jose Angel"]
[Black "Zanoletty Garcia, David"]
[Result "1-0"]
[WhiteElo "2046"]
[BlackElo "1962"]
[PlyCount "79"]
[EventDate "2012.09.01"]
[EventType "swiss"]
[EventRounds "9"]
[EventCountry "ESP"]
[Source "lmi"]
[SourceDate "2012.09.01"]

1. d4 d5 2. c4 e6 3. Nf3 Nf6 4. Nc3 Bb4 5. a3 Bxc3+ 6. bxc3 Nbd7 7. cxd5 exd5
8. Bg5 c5 9. g3 Qa5 10. Bg2 Ne4 11. Bd2 c4 12. O-O Nb6 13. Ng5 Nxg5 14. Bxg5
Qxc3 15. e4 O-O 16. exd5 Bf5 17. Be7 Rfe8 18. Bb4 Qb2 19. d6 Bd3 20. Re1 Re2
21. Rxe2 Bxe2 22. Qc1 Qxd4 23. Bxb7 Rd8 24. Ra2 Bd3 25. Qg5 f6 26. Qd2 a5 27.
Bxa5 Rxd6 28. Qe1 Kf7 29. Bc3 Qg4 30. a4 Re6 31. Qc1 Re7 32. Bg2 Ra7 33. a5 Nd7
34. h3 Qf5 35. Qe3 Nc5 36. Bb4 Rc7 37. a6 Be4 38. Ra5 Bxg2 39. Kxg2 Qb1 40.
Bxc5 1-0

[Event "3. Memorial Oliver Gonzalez 2012 - B"]
[Site "Madrid ESP"]
[Date "2012.09.04"]
[Round "4.2"]
[White "Camarero Izquierdo, Juan Carlo"]
[Black "Sacristan Latorre, Alberto"]
[Result "1/2-1/2"]
[WhiteElo "1899"]
[BlackElo "2041"]
[PlyCount "104"]
[EventDate "2012.09.01"]
[EventType "swiss"]
[EventRounds "9"]
[EventCountry "ESP"]
[Source "lmi"]
[SourceDate "2012.09.01"]

1. d4 Nf6 2. Nc3 d5 3. Bg5 c6 4. Qd3 Nbd7 5. Nf3 b5 6. Ne5 Qc7 7. Nxd7 Bxd7 8.
Bxf6 exf6 9. e4 Bb4 10. Be2 O-O 11. O-O Bxc3 12. Qxc3 Rac8 13. Bf3 Be6 14. Qc5
Rfd8 15. c3 Qd7 16. a4 a6 17. axb5 cxb5 18. Qb4 Rc4 19. Qa5 Ra8 20. Rfe1 h6 21.
h3 Qb7 22. exd5 Bxd5 23. Bxd5 Qxd5 24. Re7 Qd6 25. Rb7 Qf4 26. Rxb5 Qd2 27. Rb6
Re8 28. Qxa6 Rc7 29. Qf1 Rce7 30. Rd1 Qc2 31. d5 Re2 32. d6 Rd2 33. d7 Rd8 34.
Rxd2 Qxd2 35. Rb7 Rxd7 36. Rxd7 Qxd7 37. b4 Qd2 38. Qa1 Qc2 39. f3 f5 40. Qe1
g5 41. Qe5 f4 42. b5 Qb2 43. Qc5 Qc1+ 44. Kh2 Qe1 45. b6 Qg3+ 46. Kh1 Qe1+ 47.
Qg1 Qxc3 48. b7 Qb4 49. Qa7 Qe1+ 50. Kh2 Qg3+ 51. Kh1 Qe1+ 52. Qg1 Qb4 1/2-1/2

[Event "3. Memorial Oliver Gonzalez 2012 - B"]
[Site "Madrid ESP"]
[Date "2012.09.04"]
[Round "4.3"]
[White "Fernandez Lago, David"]
[Black "Noval Toldos, Francisco Javier"]
[Result "0-1"]
[WhiteElo "1976"]
[BlackElo "1956"]
[PlyCount "88"]
[EventDate "2012.09.01"]
[EventType "swiss"]
[EventRounds "9"]
[EventCountry "ESP"]
[Source "lmi"]
[SourceDate "2012.09.01"]

1. e4 c5 2. Ne2 d6 3. g3 Nc6 4. Bg2 g6 5. O-O Bg7 6. c3 Nf6 7. d4 cxd4 8. cxd4
O-O 9. Nbc3 Bg4 10. h3 Bxe2 11. Nxe2 Qb6 12. b3 Rac8 13. Be3 Nb4 14. d5 Qa6 15.
Nd4 Rc3 16. Qd2 Qd3 17. Qxd3 Rxd3 18. Rfc1 Nfxd5 19. exd5 Bxd4 20. Bxd4 Rxd4
21. Rc7 Rb8 22. Rxe7 Nxd5 23. Rd7 Nf6 24. Rxb7 Rxb7 25. Bxb7 d5 26. Kf1 Rd2 27.
Ke1 Rc2 28. Rd1 Ne4 29. Rxd5 Nxf2 30. Rd8+ Kg7 31. Bg2 Rxa2 32. Rd2 Nd3+ 33.
Ke2 Nc1+ 34. Kd1 Rxd2+ 35. Kxd2 Nxb3+ 36. Kc3 Nc5 37. Kc4 Ne6 38. Kb5 f5 39.
Ka6 Nd4 40. Kxa7 Ne2 41. g4 fxg4 42. hxg4 Kf6 43. Kb6 Kg5 44. Bf3 Ng1 0-1

[Event "3. Memorial Oliver Gonzalez 2012 - B"]
[Site "Madrid ESP"]
[Date "2012.09.04"]
[Round "4.4"]
[White "Fernandez Gil, Ruben Carlos"]
[Black "Lara Granero, Bio"]
[Result "1-0"]
[WhiteElo "1891"]
[BlackElo "2069"]
[PlyCount "128"]
[EventDate "2012.09.01"]
[EventType "swiss"]
[EventRounds "9"]
[EventCountry "ESP"]
[Source "lmi"]
[SourceDate "2012.09.01"]

1. e4 c5 2. Nf3 Nc6 3. d4 cxd4 4. Nxd4 Nf6 5. Nc3 e5 6. Ndb5 h6 7. Nd6+ Bxd6 8.
Qxd6 Qe7 9. Qxe7+ Kxe7 10. f3 a6 11. Be3 d6 12. Bc4 Be6 13. Nd5+ Bxd5 14. Bxd5
Nxd5 15. exd5 Nb8 16. Ke2 f5 17. Kd3 Nd7 18. b4 Nf6 19. c4 b5 20. Rhd1 bxc4+
21. Kxc4 Rhc8+ 22. Kb3 a5 23. b5 a4+ 24. Kb4 Rc2 25. Rac1 Rxa2 26. Rc7+ Nd7 27.
Rb1 f4 28. Ba7 a3 29. Kb3 Rxg2 30. b6 a2 31. Ra1 Rf8 32. b7 Kd8 33. Rc8+ Ke7
34. Rxf8 Kxf8 35. b8=Q+ Nxb8 36. Bxb8 Ke7 37. Rxa2 Rg1 38. Ra7+ Kf6 39. Bxd6
Rf1 40. Bf8 Rxf3+ 41. Kc4 Rf2 42. Kd3 Rf3+ 43. Kc4 Rf2 44. Be7+ Kf5 45. Bb4
Rc2+ 46. Kd3 Rxh2 47. d6 e4+ 48. Kd4 Rb2 49. Kc3 Rb1 50. d7 Rd1 51. Ba5 g5 52.
d8=Q Rxd8 53. Bxd8 Kg4 54. Ra6 Kf3 55. Rxh6 g4 56. Bc7 Ke3 57. Bxf4+ Kxf4 58.
Kd2 Kf3 59. Rf6+ Kg2 60. Ke3 g3 61. Kxe4 Kg1 62. Kf3 g2 63. Kg3 Kh1 64. Rh6+
Kg1 1-0